|
|
|
|
| LEADER |
00000nam a2200000 a 4500 |
| 001 |
vtls008322994 |
| 003 |
SK-MaSNL |
| 005 |
20260301075002.0 |
| 008 |
240314s1959 xo 000 f slo |
| 015 |
|
|
|a SKSNBA1959/03-00564
|
| 035 |
|
|
|a SK01SNK19590015211
|
| 035 |
|
|
|a SKM000017674
|
| 040 |
|
|
|a SNK
|b slo
|c SNK
|e AACR2
|
| 041 |
1 |
|
|a slo
|h ice
|
| 044 |
|
|
|a xo
|c SK
|
| 072 |
|
7 |
|a 821.11
|x Germánske literatúry
|2 konspekt
|
| 080 |
|
|
|a 839.59-3
|2 1981
|
| 080 |
|
|
|a 821.113.3-31
|2 2011
|
| 100 |
0 |
|
|a Halldór Laxness,
|d 1902-1998
|4 aut
|9 42317
|
| 240 |
1 |
0 |
|a Atómstödzin
|l Slovensky
|
| 245 |
1 |
0 |
|a Atómová stanica
|c Halldór Kiljan Laxness ; z islan. orig. Atómstödzin ..., Reykjavik, 1948, prel. a doslov. nap. Jaroslav Kaňa
|
| 260 |
|
|
|a Bratislava
|b Slovenský spisovateľ
|c 1959
|e Bratislava
|f Pravda
|
| 300 |
|
|
|a 182, [5] s.
|c 8°
|
| 490 |
1 |
|
|a Tvorba národov
|
| 500 |
|
|
|a Vysvetl.
|
| 563 |
|
|
|a 6000 výtl.
|
| 650 |
0 |
7 |
|a islandská literatúra
|2 SNKPH
|9 1389
|
| 655 |
|
7 |
|a islandské romány
|2 SNKPH
|9 110246
|
| 700 |
1 |
|
|a Kaňa, Jaroslav,
|d 1925-2004
|4 trl
|4 aui
|9 180720
|
| 730 |
|
|
|a Atómstödzin
|9 398446
|
| 830 |
|
0 |
|a Tvorba národov
|9 280344
|
| 852 |
|
|
|a Slovenská národná knižnica v Martine
|b 10000
|h SD 16678
|
| 852 |
|
|
|a Slovenská národná knižnica v Martine
|b 10000
|h SD 16678 D1
|
| 919 |
|
|
|a brož.
|
| 919 |
|
|
|a viaz.
|
| 958 |
|
|
|a TL
|
| 958 |
|
|
|a LX
|
| 958 |
|
|
|a UP
|
| 958 |
|
|
|a RK
|
| 999 |
|
|
|c 648830
|d 650760
|
| 952 |
|
|
|a SNK
|b SNK
|y PREZ
|7 0
|p 17A0606380
|o snkSD 16678
|i snkKSP 645/59
|0 0
|1 0
|4 0
|d 2008-12-09
|l 0
|r 2025-12-01 00:00:00
|w 2026-02-23
|